Fruta sin veneno.

Problemas de control de plagas con insecticidas. Alternativas de control sin veneno. Cría de aves que se alimentan de insectos que dañan los cultivos. Fertilización natural: lombrices. Abonos de aves.

Guardado en:
Formato: Deslizar
Materias:
Etiquetas: Agregar Etiqueta
Sin Etiquetas, Sea el primero en etiquetar este registro!
LEADER 01028ngm a22003015g 4500
001 CEM.cems022027
008 130507b1994##################0###0#####d
005 20240930180135.0
245 0 0 |a Fruta sin veneno. 
300 |a 28'. 
500 |a En soporte VHS, consultar en ventanilla. 
520 |a Problemas de control de plagas con insecticidas. Alternativas de control sin veneno. Cría de aves que se alimentan de insectos que dañan los cultivos. Fertilización natural: lombrices. Abonos de aves. 
538 |a Soporte: VHS - Norma: Pal N - Color - Grabación DRD 1994 - Hitachi=0000 
082 6 3 |/ FRU 
653 |a FRUTICULTURA 
653 |a HORTICULTURA 
653 |a PLAGAS 
653 |a INSECTICIDAS 
653 |a BOTANICA 
653 |a BIOLOGIA VEGETAL 
653 |a FLORICULTURA 
653 |a FERTILIZACION NATURAL 
653 |a LOMBRICES 
653 |a ABONO 
653 |a VENENO 
653 |a FRUTAS 
653 |a NIVEL SECUNDARIO 
859 |a CEMS  |b BIB. CEMS - Depto. Recursos Didacticos  |h 634  |i FRU  |k DRD  |p 670.12  |t Ej.1